Enrique Monjo : vida y obra / Maximilien Gauthier vida y obra / Maximilien Gauthier
Descripción Física:
269 p. : principalment il. ; 29 cm
MARC
| LEADER | 00000nam a2200000Ia 4500 | ||
|---|---|---|---|
| 001 | 11473 | ||
| 008 | 160829s1968 xx 000 0 cat d | ||
| 080 | |a B-1-54 | ||
| 100 | |a Gauthier, Maximilien |9 30486 | ||
| 245 | |a Enrique Monjo : |b vida y obra / Maximilien Gauthier | ||
| 260 | |a Vilassar de Mar : |b Gliptoteca Monjo, |c 1968 | ||
| 300 | |a 269 p. : |b principalment il. ; |c 29 cm | ||
| 650 | |a Monjo i Garriga, Enric |x Crítica i interpretació |9 30487 | ||
| 650 | 0 | |a Escultors |z Vilassar de Mar (Catalunya) |x Biografia |9 30488 | |
| 710 | 2 | |a Museu Enric Monjo (Vilassar de Mar, Catalunya) |9 55403 | |
| 901 | |a Arxiu | ||
| 942 | |n 1 | ||
| 952 | |0 0 |1 0 |4 0 |6 B154 |7 1 |9 45428 |a Arxiu |b Arxiu |d 2016-12-01 |l 0 |o B-1-54 |p 11473 |r 2016-12-01 00:00:00 |w 2016-12-01 |y ARXIU | ||
| 999 | |c 48550 |d 48550 | ||